000 00503nam a2200181Ia 4500
008 100917s9999 xx 000 0 und d
082 _b34043
100 _aकेळकर इंदूमति
245 _aप्रतिशोध
260 _bललित प्रकाशन
_c1973
300 _a156
365 _b10
520 _aकादंबरी
630 _aप्रतिशोध
650 _aकादंबरी
730 _aप्रतिशोध
942 _cBOOK
999 _c639437
_d639434